000 00496nam a2200157 4500
001 110501
003 ES-MaACL
005 20230906185052.0
007 t|
008 061121s1961 sp r ||||1| spa d
100 0 _aMoliner, José María.
_981985
245 1 0 _aHistoria de la Literatura Mística en España /
_cpor Fr. José María de la Cruz Moliner, carmelita descalzo.
260 _aBurgos :
_bEl Monte Carmelo,
_c1961.
300 _a607 p. ;
_c28 cm.
852 _aES-MaACL
_jE-753
_bR.49023
999 _c110501
_d110501